000 01746nam0a2200361 4500
001 RU\NLR\BIBL_A\011119855
005 20250625205325.0
010 _a978-5-9710-2391-3
_91000
021 _aRU
_b2016-31258
_92017
035 _a(NILC)RuMoRGB-008290737
035 _a(NLR Aleph) 011119855
090 _a11514662
_c11514662
100 _a20160506d2016 |||y0rusy50 ca
101 0 _arus
102 _aRU
105 _ay|||j|||000yy
200 1 _aИсторическая грамматика русского языка
_eфонетика, морфология
_eдля студентов высших учебных заведений в качестве учебника по направлению подготовки 032700 "Филология"
_fЕ. А. Галинская
205 _aИзд. 2-е, испр.
210 _aМосква
_cURSS
_d2016
215 _a412 с.
_cил., табл.
_d22
225 1 _aКлассический учебник МГУ
320 _aБиблиогр.: с. 410-412 и в подстроч. примеч.
606 1 _aРусский язык
_jУчебники для высших учебных заведений
_xИсторическая фонетика
_91543709
_3RU\NLR\AUTH\66974445
606 1 _aРусский язык
_jУчебники для высших учебных заведений
_xИсторическая морфология
_91543653
_3RU\NLR\AUTH\66974420
686 1 _aШ141.12-923-0-1
686 1 _aШ141.12-923-0-21
700 1 _aГалинская
_bЕ. А.
_gЕлена Аркадьевна
801 0 _aRU
_bРГБ
_c20160415
_gRCR
942 _cBOOK
980 _aNBR
980 _aNB